| 000 | 00656nam a2200217Ia 4500 | ||
|---|---|---|---|
| 999 |
_c4514 _d4514 |
||
| 020 | _a0-415-33271-0 | ||
| 082 | _a327 CON- | ||
| 100 | _aGuzzini, Stefano/s | ||
| 245 | 0 | _aConstructivism and international relations: Alexander Wendt and his critics | |
| 260 |
_aLondon _bRoutledge _c2006 |
||
| 300 | _axxii, 246 | ||
| 440 | _aNew international relations | ||
| 504 | _aincludes references and index | ||
| 650 |
_aInternational relations _vSociological aspects |
||
| 650 |
_aInternational relations _vPhilosophy |
||
| 650 | _aWendet, Alaxander, 1966- | ||
| 700 | _aBuzan, Barry | ||
| 700 | _aLittle, Richard | ||
| 700 | _aLeander, Anna | ||
| 942 | _cBK | ||